[Event "Festival"]
[Site "?"]
[Date "2016.02.17"]
[Round "6.2"]
[White "Fier, Alexandr"]
[Black "Savina, Anastasia"]
[Result "1/2-1/2"]
[LiveChessVersion "1.4.7"]
[BlackElo "2401"]
[WhiteElo "2608"]

1. e4 {[%clk 1:30:58]} c5 {[%clk 1:30:51]} 2. Nf3 {[%clk 1:31:23]} Nc6
{[%clk 1:31:15]} 3. Bb5 {[%clk 1:31:49]} g6 {[%clk 1:30:30]} 4. Bxc6
{[%clk 1:31:27]} dxc6 {[%clk 1:30:43]} 5. d3 {[%clk 1:31:51]} Bg7
{[%clk 1:31:03]} 6. Nc3 {[%clk 1:32:15]} e5 {[%clk 1:27:49]} 7. Be3
{[%clk 1:32:33]} Qe7 {[%clk 1:26:49]} 8. h3 {[%clk 1:32:53]} Nf6 {[%clk 1:24:57]}
9. Qd2 {[%clk 1:33:17]} Nd7 {[%clk 1:24:15]} 10. Bh6 {[%clk 1:33:34]} f6
{[%clk 1:22:02]} 11. Bxg7 {[%clk 1:33:33]} Qxg7 {[%clk 1:22:28]} 12. Qe3
{[%clk 1:31:56]} Qe7 {[%clk 1:19:35]} 13. Nd2 {[%clk 1:29:20]} Nf8
{[%clk 1:17:10]} 14. f4 {[%clk 1:26:25]} exf4 {[%clk 1:06:27]} 15. Qxf4
{[%clk 1:26:46]} Ne6 {[%clk 1:06:49]} 16. Qf2 {[%clk 1:27:00]} Nd4
{[%clk 1:06:18]} 17. Nf3 {[%clk 1:27:25]} Nxf3+ {[%clk 1:02:02]} 18. Qxf3
{[%clk 1:25:07]} Be6 {[%clk 1:01:47]} 19. O-O {[%clk 1:25:22]} O-O
{[%clk 1:01:00]} 20. Rae1 {[%clk 1:25:30]} Qd6 {[%clk 0:57:23]} 21. Ne2
{[%clk 1:21:46]} f5 {[%clk 0:53:22]} 22. Qf4 {[%clk 1:22:03]} Qxf4
{[%clk 0:49:37]} 23. Nxf4 {[%clk 1:22:29]} Rae8 {[%clk 0:49:27]} 24. b3
{[%clk 1:18:52]} fxe4 {[%clk 0:42:44]} 25. Nxe6 {[%clk 1:19:17]} Rxe6
{[%clk 0:42:17]} 26. Rxf8+ {[%clk 1:19:30]} Kxf8 {[%clk 0:42:42]} 27. dxe4
{[%clk 1:19:55]} Rd6 {[%clk 0:37:37]} 28. Kf2 {[%clk 1:17:39]} c4
{[%clk 0:31:20]} 29. bxc4 {[%clk 1:12:20]} Rd2+ {[%clk 0:29:27]} 30. Re2
{[%clk 1:12:09]} Rd4 {[%clk 0:29:52]} 31. Ke3 {[%clk 1:10:45]} Rxc4
{[%clk 0:30:03]} 32. Kf4 {[%clk 1:11:12]} h6 {[%clk 0:27:56]} 33. h4
{[%clk 1:03:33]} Ke7 {[%clk 0:24:59]} 34. h5 {[%clk 1:03:12]} gxh5
{[%clk 0:24:31]} 35. Kf5 {[%clk 1:03:38]} Rc3 {[%clk 0:24:13]} 36. Kg6
{[%clk 1:02:11]} h4 {[%clk 0:24:28]} 37. Kxh6 {[%clk 1:02:15]} Rg3
{[%clk 0:18:58]} 38. Kh5 {[%clk 1:02:36]} h3 {[%clk 0:19:21]} 39. gxh3
{[%clk 1:03:03]} Rxh3+ {[%clk 0:19:48]} 40. Kg4 {[%clk 1:03:30]} Rh1
{[%clk 0:15:41]} 41. Kf5 {[%clk 1:03:29]} Rh5+ {[%clk 0:15:52]} 42. Kf4
{[%clk 1:03:57]} Ke6 {[%clk 0:14:57]} 43. Ke3 {[%clk 1:02:48]} Ke5
{[%clk 0:12:17]} 44. Kd2 {[%clk 1:03:15]} Rh4 {[%clk 0:09:37]} 45. Kc3
{[%clk 1:03:39]} Rxe4 {[%clk 0:08:58]} 46. Rh2 {[%clk 1:04:06]} Kd6
{[%clk 0:08:56]} 47. Rh7 {[%clk 1:04:30]} Re7 {[%clk 0:09:18]} 48. Rh5
{[%clk 1:04:57]} Kc7 {[%clk 0:08:46]} 49. a3 {[%clk 1:05:12]} Kb6
{[%clk 0:09:02]} 50. Kb3 {[%clk 1:05:36]} Re3+ {[%clk 0:08:38]} 51. c3
{[%clk 1:06:00]} a5 {[%clk 0:08:21]} 52. a4 {[%clk 1:06:26]} Ka6 {[%clk 0:08:01]}
53. Rh6 {[%clk 1:06:50]} Re5 {[%clk 0:07:26]} 54. Rg6 {[%clk 1:07:14]} Rc5
{[%clk 0:06:46]} 55. Rh6 {[%clk 1:05:29]} b5 {[%clk 0:06:32]} 56. axb5+
{[%clk 1:05:56]} Kxb5 {[%clk 0:06:56]} 57. Rh8 {[%clk 1:06:21]} a4+
{[%clk 0:04:34]} 58. Kb2 {[%clk 1:06:47]} Rg5 {[%clk 0:04:53]} 59. Rb8+
{[%clk 1:07:13]} Kc5 {[%clk 0:04:44]} 60. Rb4 {[%clk 1:07:32]} Rg2+
{[%clk 0:04:48]} 61. Ka3 {[%clk 1:07:58]} Rc2 {[%clk 0:03:55]} 62. Rxa4
{[%clk 1:08:21]} Rxc3+ {[%clk 0:04:16]} 63. Kb2 {[%clk 1:08:49]} Rc4
{[%clk 0:04:29]} 64. Ra3 {[%clk 1:09:05]} Rh4 {[%clk 0:04:22]} 65. Rg3
{[%clk 1:09:26]} Kd4 {[%clk 0:04:17]} 66. Kc2 {[%clk 1:09:47]} Rh2+
{[%clk 0:03:28]} 67. Kc1 {[%clk 1:10:09]} c5 {[%clk 0:03:52]} 68. Rg4+
{[%clk 1:10:33]} Kc3 {[%clk 0:04:13]} 69. Rg3+ {[%clk 1:11:00]} Kb4
{[%clk 0:04:40]} 70. Rg4+ {[%clk 1:11:25]} c4 {[%clk 0:05:05]} 71. Rg3
{[%clk 1:11:53]} Rh1+ {[%clk 0:05:19]} 72. Kc2 {[%clk 1:12:19]} Rh2+
{[%clk 0:05:46]} 73. Kc1 {[%clk 1:12:47]} Rh1+ {[%clk 0:06:12]} 74. Kc2
{[%clk 1:13:15]} Rh2+ {[%clk 0:06:38]} 75. Kc1 1/2-1/2

[Event "Festival"]
[Site "?"]
[Date "2016.02.17"]
[Round "6.3"]
[White "Karavade, Eesha"]
[Black "Arakhamia-Grant, Ketevan"]
[Result "1/2-1/2"]
[LiveChessVersion "1.4.7"]
[BlackElo "2346"]
[WhiteElo "2400"]

1. d4 {[%clk 1:28:14]} Nf6 {[%clk 1:30:50]} 2. c4 {[%clk 1:28:13]} g6
{[%clk 1:31:10]} 3. Nc3 {[%clk 1:28:37]} Bg7 {[%clk 1:31:30]} 4. e4
{[%clk 1:29:00]} d6 {[%clk 1:31:55]} 5. Nf3 {[%clk 1:29:26]} O-O {[%clk 1:32:15]}
6. Be2 {[%clk 1:29:50]} e5 {[%clk 1:31:57]} 7. d5 {[%clk 1:30:13]} a5
{[%clk 1:30:07]} 8. Bg5 {[%clk 1:30:36]} Na6 {[%clk 1:26:32]} 9. Nd2
{[%clk 1:29:59]} c6 {[%clk 1:12:28]} 10. O-O {[%clk 1:26:08]} h6 {[%clk 0:57:42]}
11. Be3 {[%clk 1:26:30]} Nd7 {[%clk 0:57:08]} 12. Rb1 {[%clk 1:26:08]} f5
{[%clk 0:54:52]} 13. f3 {[%clk 1:26:13]} f4 {[%clk 0:48:09]} 14. Bf2
{[%clk 1:26:40]} c5 {[%clk 0:48:17]} 15. a3 {[%clk 1:26:25]} Nf6 {[%clk 0:42:42]}
16. Nb3 {[%clk 1:24:38]} g5 {[%clk 0:34:02]} 17. Nc1 {[%clk 1:25:01]} Kh8
{[%clk 0:30:09]} 18. Nd3 {[%clk 1:25:07]} Rg8 {[%clk 0:28:17]} 19. b4
{[%clk 1:25:02]} axb4 {[%clk 0:24:53]} 20. axb4 {[%clk 1:24:39]} Nxb4
{[%clk 0:25:04]} 21. Nxb4 {[%clk 1:24:39]} cxb4 {[%clk 0:25:31]} 22. Rxb4
{[%clk 1:25:02]} Bf8 {[%clk 0:25:39]} 23. Na4 {[%clk 1:14:30]} g4
{[%clk 0:25:39]} 24. Bh4 {[%clk 1:11:12]} gxf3 {[%clk 0:24:10]} 25. Bxf3
{[%clk 1:10:12]} Be7 {[%clk 0:23:44]} 26. Nb6 {[%clk 1:08:47]} Ra3
{[%clk 0:20:56]} 27. Nxc8 {[%clk 1:05:48]} Qxc8 {[%clk 0:21:22]} 28. Kh1
{[%clk 1:05:25]} Rc3 {[%clk 0:17:16]} 29. Qb1 {[%clk 1:02:10]} Rxc4
{[%clk 0:10:50]} 30. Rxc4 {[%clk 0:58:39]} Qxc4 {[%clk 0:11:16]} 31. Rc1
{[%clk 0:59:04]} Qa6 {[%clk 0:05:52]} 32. Rc7 {[%clk 0:57:47]} Bd8
{[%clk 0:06:03]} 33. Rxb7 {[%clk 0:54:48]} Nd7 {[%clk 0:05:15]} 34. Bf2
{[%clk 0:50:53]} Nc5 {[%clk 0:04:21]} 35. Rb5 {[%clk 0:51:08]} Qa3
{[%clk 0:03:42]} 36. Rb8 {[%clk 0:47:08]} Bc7 {[%clk 0:02:48]} 37. Rxg8+
{[%clk 0:46:22]} Kxg8 {[%clk 0:03:16]} 38. Qb5 {[%clk 0:45:11]} Qa1+
{[%clk 0:02:57]} 39. Bg1 {[%clk 0:45:29]} Qa4 {[%clk 0:03:10]} 40. Qxa4
{[%clk 0:43:45]} Nxa4 {[%clk 0:03:36]} 41. Bd1 {[%clk 0:44:09]} Nc3
{[%clk 0:03:04]} 42. Bc2 {[%clk 0:44:35]} Kf7 {[%clk 0:03:14]} 43. Bf2
{[%clk 0:44:57]} Ke7 {[%clk 0:02:22]} 44. Be1 {[%clk 0:44:29]} Ne2
{[%clk 0:01:56]} 45. Bd3 {[%clk 0:43:53]} Nd4 {[%clk 0:01:46]} 46. Bc3
{[%clk 0:42:35]} Bb6 {[%clk 0:01:52]} 47. Bxd4 {[%clk 0:42:35]} Bxd4
{[%clk 0:02:14]} 48. Be2 {[%clk 0:43:00]} Bf2 {[%clk 0:01:19]} 49. g3
{[%clk 0:43:03]} fxg3 {[%clk 0:01:27]} 50. h3 {[%clk 0:43:26]} Kf6
{[%clk 0:01:26]} 51. Kg2 {[%clk 0:43:47]} Kg5 {[%clk 0:01:14]} 52. Bg4
{[%clk 0:44:09]} Kf4 {[%clk 0:01:21]} 53. Bf5 {[%clk 0:44:36]} Be1
{[%clk 0:00:51]} 54. Bg6 {[%clk 0:44:56]} Kg5 {[%clk 0:00:51]} 55. Bf5
{[%clk 0:45:22]} Kf4 {[%clk 0:00:46]} 56. Bg6 {[%clk 0:45:48]} h5
{[%clk 0:00:48]} 57. Bf5 {[%clk 0:46:11]} h4 {[%clk 0:00:53]} 58. Bg6
{[%clk 0:46:38]} Kg5 {[%clk 0:00:56]} 59. Bf5 {[%clk 0:47:04]} Kf4
{[%clk 0:01:21]} 60. Bg6 {[%clk 0:47:30]} Kg5 {[%clk 0:01:05]} 61. Bf5
{[%clk 0:47:57]} Kf4 62. Bg6 1/2-1/2

[Event "Festival"]
[Site "?"]
[Date "2016.02.17"]
[Round "6.4"]
[White "Donchenko, Alexander"]
[Black "Loiseau, Quentin"]
[Result "1-0"]
[LiveChessVersion "1.4.7"]
[BlackElo "2437"]
[WhiteElo "2575"]

1. d4 {[%clk 1:30:58]} Nf6 {[%clk 1:30:39]} 2. c4 {[%clk 1:31:18]} e6
{[%clk 1:31:00]} 3. Nf3 {[%clk 1:31:37]} c5 {[%clk 1:30:51]} 4. d5
{[%clk 1:31:48]} d6 {[%clk 1:31:12]} 5. Nc3 {[%clk 1:32:13]} exd5
{[%clk 1:31:35]} 6. cxd5 {[%clk 1:32:39]} g6 {[%clk 1:31:59]} 7. Bf4
{[%clk 1:33:04]} Bg7 {[%clk 1:31:55]} 8. Qa4+ {[%clk 1:33:25]} Bd7
{[%clk 1:32:19]} 9. Qb3 {[%clk 1:33:50]} Qc7 {[%clk 1:32:10]} 10. e4
{[%clk 1:34:01]} O-O {[%clk 1:32:15]} 11. Nd2 {[%clk 1:34:20]} Nh5
{[%clk 1:32:28]} 12. Be3 {[%clk 1:34:42]} f5 {[%clk 1:32:47]} 13. exf5
{[%clk 1:34:59]} Bxf5 {[%clk 1:33:10]} 14. Be2 {[%clk 1:34:59]} Nf6
{[%clk 1:31:49]} 15. Nc4 {[%clk 1:34:53]} Qd7 {[%clk 1:13:37]} 16. O-O
{[%clk 1:15:01]} Na6 {[%clk 1:10:26]} 17. Bf4 {[%clk 1:11:58]} Ne8
{[%clk 1:03:07]} 18. Bg3 {[%clk 1:11:05]} Nb4 {[%clk 1:01:17]} 19. Ne3
{[%clk 1:08:32]} Bd4 {[%clk 0:42:47]} 20. a3 {[%clk 0:57:09]} Nd3
{[%clk 0:38:20]} 21. Nxf5 {[%clk 0:52:09]} Qxf5 {[%clk 0:37:53]} 22. Nb5
{[%clk 0:46:49]} Nf4 {[%clk 0:33:51]} 23. Nxd4 {[%clk 0:46:49]} cxd4
{[%clk 0:34:19]} 24. Bxf4 {[%clk 0:44:38]} Qxf4 {[%clk 0:34:46]} 25. Qxb7
{[%clk 0:44:46]} Nf6 {[%clk 0:34:32]} 26. Rad1 {[%clk 0:42:46]} Rae8
{[%clk 0:10:57]} 27. Bf3 {[%clk 0:40:12]} Re5 {[%clk 0:06:40]} 28. Qxa7
{[%clk 0:35:01]} Rg5 {[%clk 0:07:04]} 29. Rd3 {[%clk 0:34:49]} Ng4
{[%clk 0:04:05]} 30. Bxg4 {[%clk 0:34:57]} Rxg4 {[%clk 0:04:24]} 31. Qe7
{[%clk 0:34:19]} Rf7 {[%clk 0:02:24]} 32. Qe8+ {[%clk 0:32:38]} Kg7
{[%clk 0:02:52]} 33. Qe2 {[%clk 0:31:11]} Rg5 {[%clk 0:01:58]} 34. g3
{[%clk 0:28:47]} Re5 {[%clk 0:00:36]} 35. Qd1 {[%clk 0:28:06]} Qf5
{[%clk 0:00:33]} 36. Rxd4 {[%clk 0:28:23]} Qh3 {[%clk 0:00:32]} 37. Rh4
{[%clk 0:28:32]} Qf5 {[%clk 0:00:56]} 38. Rf4 {[%clk 0:28:32]} Qd7
{[%clk 0:01:03]} 39. Rxf7+ {[%clk 0:27:17]} Qxf7 {[%clk 0:01:32]} 40. Qd4
{[%clk 0:27:19]} Kg8 {[%clk 0:01:39]} 41. Rd1 {[%clk 0:27:25]} Qf3
{[%clk 0:01:55]} 42. Rc1 {[%clk 0:26:50]} h5 {[%clk 0:02:04]} 43. Qb4
{[%clk 0:22:55]} Kg7 {[%clk 0:01:30]} 44. Qxd6 {[%clk 0:22:20]} Rf5
{[%clk 0:01:35]} 45. Qe7+ {[%clk 0:22:27]} 1-0

[Event "Festival"]
[Site "?"]
[Date "2016.02.17"]
[Round "6.5"]
[White "Brunner, Nicolas"]
[Black "Bailet, Pierre"]
[Result "1/2-1/2"]
[LiveChessVersion "1.4.7"]
[BlackElo "2509"]
[WhiteElo "2438"]

1. d4 {[%clk 1:30:58]} Nf6 {[%clk 1:30:43]} 2. c4 {[%clk 1:31:24]} e6
{[%clk 1:31:06]} 3. Nc3 {[%clk 1:31:50]} Bb4 {[%clk 1:31:30]} 4. e3
{[%clk 1:32:13]} O-O {[%clk 1:31:46]} 5. Bd3 {[%clk 1:32:39]} d5 {[%clk 1:32:06]}
6. Nf3 {[%clk 1:33:04]} c5 {[%clk 1:32:26]} 7. O-O {[%clk 1:33:29]} dxc4
{[%clk 1:32:46]} 8. Bxc4 {[%clk 1:33:55]} Nc6 {[%clk 1:33:05]} 9. a3
{[%clk 1:34:11]} Ba5 {[%clk 1:29:58]} 10. Qd3 {[%clk 1:33:22]} h6
{[%clk 1:28:58]} 11. Rd1 {[%clk 1:28:18]} cxd4 {[%clk 1:21:25]} 12. exd4
{[%clk 1:28:32]} Bc7 {[%clk 1:20:01]} 13. Be3 {[%clk 1:22:02]} Nd5
{[%clk 1:14:44]} 14. Ba2 {[%clk 1:19:21]} Nce7 {[%clk 1:07:51]} 15. Rac1
{[%clk 1:17:17]} Nxc3 {[%clk 1:06:44]} 16. bxc3 {[%clk 1:15:43]} b6
{[%clk 1:04:19]} 17. Bb1 {[%clk 1:05:48]} Ng6 {[%clk 1:03:19]} 18. c4
{[%clk 1:02:22]} Bb7 {[%clk 1:00:45]} 19. d5 {[%clk 1:01:49]} exd5
{[%clk 0:58:32]} 20. cxd5 {[%clk 1:02:11]} Bd6 {[%clk 0:58:05]} 21. Nd4
{[%clk 0:50:16]} Qf6 {[%clk 0:53:40]} 22. Nc6 {[%clk 0:45:46]} Rfe8
{[%clk 0:52:29]} 23. g3 {[%clk 0:43:54]} Bc8 {[%clk 0:48:29]} 24. Bd4
{[%clk 0:41:01]} Qg5 {[%clk 0:47:31]} 25. Re1 {[%clk 0:40:05]} Bh3
{[%clk 0:45:25]} 26. Bb2 {[%clk 0:38:57]} Rac8 {[%clk 0:41:36]} 27. Rcd1
{[%clk 0:37:22]} Bg4 {[%clk 0:39:51]} 28. Rc1 {[%clk 0:36:25]} Bh3
{[%clk 0:37:17]} 29. Rcd1 {[%clk 0:36:33]} Bg4 {[%clk 0:37:09]} 30. Rc1
{[%clk 0:36:57]} Bh3 {[%clk 0:36:52]} 1/2-1/2

[Event "Festival"]
[Site "?"]
[Date "2016.02.17"]
[Round "7.1"]
[White "Arakhamia-Grant, Ketevan"]
[Black "Donchenko, Alexander"]
[Result "0-1"]
[LiveChessVersion "1.4.7"]
[BlackElo "2575"]
[WhiteElo "2346"]

1. e4 {[%clk 1:30:58]} c6 {[%clk 1:30:50]} 2. d4 {[%clk 1:31:15]} d5
{[%clk 1:31:13]} 3. e5 {[%clk 1:29:38]} Bf5 {[%clk 1:31:07]} 4. Nd2
{[%clk 1:29:36]} e6 {[%clk 1:31:17]} 5. Nb3 {[%clk 1:29:54]} Ne7 {[%clk 1:30:59]}
6. Nf3 {[%clk 1:30:17]} Nd7 {[%clk 1:30:43]} 7. Be2 {[%clk 1:30:40]} Nc8
{[%clk 1:30:48]} 8. O-O {[%clk 1:30:45]} Be7 {[%clk 1:31:00]} 9. a4
{[%clk 1:30:24]} O-O {[%clk 1:30:39]} 10. Be3 {[%clk 1:30:22]} a6
{[%clk 1:27:55]} 11. a5 {[%clk 1:29:33]} Na7 {[%clk 1:27:23]} 12. Nfd2
{[%clk 1:19:38]} c5 {[%clk 1:19:45]} 13. f4 {[%clk 1:08:47]} Rc8 {[%clk 1:05:09]}
14. c4 {[%clk 0:55:06]} dxc4 {[%clk 0:48:18]} 15. Bxc4 {[%clk 0:40:00]} Nc6
{[%clk 0:41:16]} 16. d5 {[%clk 0:18:49]} exd5 {[%clk 0:39:53]} 17. Bxd5
{[%clk 0:19:14]} Bd3 {[%clk 0:39:19]} 18. e6 {[%clk 0:17:07]} Nf6
{[%clk 0:36:55]} 19. exf7+ {[%clk 0:16:56]} Kh8 {[%clk 0:37:19]} 20. Be6
{[%clk 0:16:59]} Bxf1 {[%clk 0:36:04]} 21. Qxf1 {[%clk 0:16:41]} Nd5
{[%clk 0:33:59]} 22. Bxc5 {[%clk 0:13:34]} Bxc5+ {[%clk 0:29:08]} 23. Nxc5
{[%clk 0:13:59]} Rc7 {[%clk 0:27:23]} 24. Nde4 {[%clk 0:13:35]} Nd4
{[%clk 0:24:58]} 25. g3 {[%clk 0:09:11]} Nf6 {[%clk 0:17:12]} 26. Rd1
{[%clk 0:07:05]} Nxe4 {[%clk 0:13:09]} 27. Nxe4 {[%clk 0:07:29]} Qe7
{[%clk 0:10:19]} 28. Bd5 {[%clk 0:07:22]} Nf5 {[%clk 0:09:48]} 29. Re1
{[%clk 0:03:13]} Nh6 {[%clk 0:09:18]} 30. Qf2 {[%clk 0:02:47]} Qd8
{[%clk 0:08:28]} 31. Qb6 {[%clk 0:01:35]} Re7 {[%clk 0:05:24]} 32. Qxd8
{[%clk 0:00:48]} Rxd8 {[%clk 0:05:54]} 33. Kf2 {[%clk 0:00:38]} g6
{[%clk 0:05:40]} 34. Rc1 {[%clk 0:00:40]} Nxf7 {[%clk 0:05:52]} 35. Nc3
{[%clk 0:00:37]} Rc7 {[%clk 0:05:09]} 36. Rd1 {[%clk 0:00:36]} Kg7
{[%clk 0:05:17]} 37. Kf3 {[%clk 0:00:36]} Rc5 {[%clk 0:05:12]} 38. Ke4
{[%clk 0:00:37]} Nd6+ {[%clk 0:05:00]} 39. Kd4 {[%clk 0:00:36]} Rxa5
{[%clk 0:05:08]} 40. b4 {[%clk 0:00:36]} Nb5+ {[%clk 0:05:18]} 41. Nxb5
{[%clk 0:00:37]} Rxb5 {[%clk 0:05:40]} 42. Kc4 {[%clk 0:00:47]} Rc8+
{[%clk 0:05:29]} 43. Kb3 {[%clk 0:00:50]} a5 {[%clk 0:05:51]} 44. Rd4
{[%clk 0:00:52]} Rd8 {[%clk 0:05:58]} 0-1

[Event "Festival"]
[Site "?"]
[Date "2016.02.17"]
[Round "7.2"]
[White "Loiseau, Quentin"]
[Black "Fier, Alexandr"]
[Result "1/2-1/2"]
[LiveChessVersion "1.4.7"]
[BlackElo "2608"]
[WhiteElo "2437"]

1. d4 {[%clk 1:30:35]} Nf6 {[%clk 1:30:56]} 2. c4 {[%clk 1:30:47]} g6
{[%clk 1:31:23]} 3. f3 {[%clk 1:31:08]} Bg7 {[%clk 1:30:29]} 4. e4
{[%clk 1:31:25]} O-O {[%clk 1:30:55]} 5. Be3 {[%clk 1:31:00]} d6 {[%clk 1:31:20]}
6. Ne2 {[%clk 1:31:22]} c5 {[%clk 1:31:36]} 7. d5 {[%clk 1:26:26]} Nbd7
{[%clk 1:31:54]} 8. Nec3 {[%clk 1:26:43]} Ne8 {[%clk 1:24:20]} 9. Qd2
{[%clk 1:24:46]} e5 {[%clk 1:23:51]} 10. g4 {[%clk 1:23:13]} Bf6 {[%clk 1:23:30]}
11. Na3 {[%clk 0:54:59]} Bh4+ {[%clk 1:23:13]} 12. Kd1 {[%clk 0:55:21]} Ng7
{[%clk 1:23:21]} 13. Rg1 {[%clk 0:54:26]} a6 {[%clk 1:20:15]} 14. Nc2
{[%clk 0:53:59]} Nf6 {[%clk 1:20:14]} 15. Ne1 {[%clk 0:50:57]} Nfe8
{[%clk 1:19:59]} 16. Ng2 {[%clk 0:51:01]} Be7 {[%clk 1:20:24]} 17. h4
{[%clk 0:49:26]} f5 {[%clk 1:20:26]} 18. gxf5 {[%clk 0:49:43]} gxf5
{[%clk 1:20:52]} 19. f4 {[%clk 0:46:41]} Kh8 {[%clk 1:19:55]} 20. Bd3
{[%clk 0:42:41]} b5 {[%clk 1:20:17]} 21. cxb5 {[%clk 0:38:45]} axb5
{[%clk 1:20:38]} 22. Bxb5 {[%clk 0:38:39]} Nf6 {[%clk 1:20:49]} 23. fxe5
{[%clk 0:37:40]} dxe5 {[%clk 1:20:05]} 24. Bh6 {[%clk 0:37:55]} Rf7
{[%clk 1:20:30]} 25. Ne3 {[%clk 0:38:01]} f4 {[%clk 1:18:55]} 26. Nc4
{[%clk 0:34:32]} Ng4 {[%clk 1:19:21]} 27. Bxg7+ {[%clk 0:32:54]} Rxg7
{[%clk 1:19:46]} 28. Kc2 {[%clk 0:33:20]} Bxh4 {[%clk 1:19:31]} 29. d6
{[%clk 0:31:37]} Be6 {[%clk 1:16:51]} 30. Rxg4 {[%clk 0:26:44]} Rxg4
{[%clk 1:12:50]} 31. Nxe5 {[%clk 0:27:06]} Rg7 {[%clk 1:13:17]} 32. Rh1
{[%clk 0:14:16]} Bf6 {[%clk 1:09:36]} 33. Qxf4 {[%clk 0:13:10]} Rg2+
{[%clk 1:10:03]} 34. Kb1 {[%clk 0:13:15]} Bg7 {[%clk 1:10:30]} 35. a4
{[%clk 0:02:22]} Qa5 {[%clk 1:09:47]} 36. Qf3 {[%clk 0:00:37]} Rg5
{[%clk 1:06:58]} 37. Nc6 {[%clk 0:00:42]} Qb6 {[%clk 1:07:04]} 38. a5
{[%clk 0:00:45]} Qb7 {[%clk 1:06:41]} 39. a6 {[%clk 0:00:37]} Qb6
{[%clk 1:05:44]} 40. e5 {[%clk 0:00:45]} Rxa6 {[%clk 1:05:00]} 41. Bxa6
{[%clk 0:00:45]} Qxa6 {[%clk 1:05:28]} 42. Ne7 {[%clk 0:00:43]} h6
{[%clk 1:00:17]} 43. Qe3 {[%clk 0:00:42]} Qa8 {[%clk 0:59:26]} 44. Rh2
{[%clk 0:00:36]} Bf5+ {[%clk 0:55:45]} 45. Nxf5 {[%clk 0:01:05]} Rxf5
{[%clk 0:56:13]} 46. Qd3 {[%clk 0:00:35]} Rxe5 {[%clk 0:56:18]} 47. d7
{[%clk 0:00:56]} Qd8 {[%clk 0:56:46]} 48. Qd6 {[%clk 0:00:45]} Re7
{[%clk 0:56:13]} 49. Rd2 {[%clk 0:01:01]} Bd4 {[%clk 0:56:36]} 50. Qxh6+
{[%clk 0:00:34]} Rh7 {[%clk 0:57:05]} 51. Qd6 {[%clk 0:00:37]} Rxd7
{[%clk 0:57:33]} 52. Rh2+ {[%clk 0:00:57]} Kg8 {[%clk 0:58:02]} 53. Qg6+
{[%clk 0:00:45]} Rg7 {[%clk 0:58:20]} 54. Qe6+ {[%clk 0:01:13]} Rf7
{[%clk 0:58:45]} 55. Nd5 {[%clk 0:00:37]} Kf8 {[%clk 0:56:57]} 56. Qh6+
{[%clk 0:00:59]} Kg8 {[%clk 0:56:52]} 57. Qg6+ {[%clk 0:00:43]} Kf8
{[%clk 0:57:20]} 58. Qh6+ {[%clk 0:00:38]} Kg8 {[%clk 0:57:47]} 59. Nf4
{[%clk 0:00:32]} Qd7 {[%clk 0:55:12]} 60. Qg6+ {[%clk 0:00:46]} Rg7
{[%clk 0:55:30]} 61. Qe6+ {[%clk 0:00:47]} Qxe6 {[%clk 0:55:56]} 62. Nxe6
{[%clk 0:01:16]} Rg1+ {[%clk 0:55:47]} 63. Ka2 {[%clk 0:01:25]} Kf7
{[%clk 0:53:44]} 64. Nxd4 {[%clk 0:01:49]} cxd4 {[%clk 0:54:11]} 65. Rd2
{[%clk 0:02:16]} Rg4 {[%clk 0:54:37]} 66. Kb3 {[%clk 0:02:37]} Ke6
{[%clk 0:55:04]} 67. Kc4 {[%clk 0:03:04]} d3+ {[%clk 0:55:30]} 68. Kxd3
{[%clk 0:03:20]} Kd5 {[%clk 0:55:55]} 69. Rc2 {[%clk 0:03:17]} Rg3+
{[%clk 0:56:20]} 70. Kd2 {[%clk 0:03:41]} Rg2+ {[%clk 0:56:48]} 71. Kc3
{[%clk 0:04:06]} Rxc2+ {[%clk 0:57:13]} 72. Kxc2 {[%clk 0:04:33]} Kc4
{[%clk 0:57:40]} 73. b4 {[%clk 0:04:59]} Kxb4 1/2-1/2

[Event "Festival"]
[Site "?"]
[Date "2016.02.17"]
[Round "7.3"]
[White "Maisuradze, Nino"]
[Black "Karavade, Eesha"]
[Result "1/2-1/2"]
[LiveChessVersion "1.4.7"]
[BlackElo "2400"]
[WhiteElo "2302"]

1. d4 {[%clk 1:30:59]} e6 {[%clk 1:30:33]} 2. c4 {[%clk 1:31:22]} b6
{[%clk 1:30:48]} 3. Nc3 {[%clk 1:31:20]} Bb7 {[%clk 1:31:05]} 4. e4
{[%clk 1:26:38]} Bb4 {[%clk 1:31:27]} 5. f3 {[%clk 1:27:04]} Ne7 {[%clk 1:31:28]}
6. Bd3 {[%clk 1:20:52]} f5 {[%clk 1:31:50]} 7. Nh3 {[%clk 1:17:30]} fxe4
{[%clk 1:30:21]} 8. fxe4 {[%clk 1:17:24]} O-O {[%clk 1:30:47]} 9. Qh5
{[%clk 0:55:59]} Nbc6 {[%clk 1:27:00]} 10. Ng5 {[%clk 0:45:34]} h6
{[%clk 1:27:08]} 11. Nf3 {[%clk 0:44:55]} Qe8 {[%clk 1:24:57]} 12. Qh3
{[%clk 0:41:36]} e5 {[%clk 1:15:59]} 13. d5 {[%clk 0:41:17]} Nd4 {[%clk 1:16:26]}
14. Bd2 {[%clk 0:37:06]} Bxc3 {[%clk 1:05:36]} 15. bxc3 {[%clk 0:30:39]} Nxf3+
{[%clk 1:05:56]} 16. gxf3 {[%clk 0:31:08]} Ng6 {[%clk 1:05:08]} 17. Rg1
{[%clk 0:24:44]} Rf6 {[%clk 1:02:07]} 18. O-O-O {[%clk 0:19:09]} b5
{[%clk 0:47:52]} 19. Rg2 {[%clk 0:18:39]} bxc4 {[%clk 0:39:19]} 20. Bxc4
{[%clk 0:19:05]} a5 {[%clk 0:38:58]} 21. Bxh6 {[%clk 0:16:30]} Ba6
{[%clk 0:38:21]} 22. Bxa6 {[%clk 0:12:13]} Raxa6 {[%clk 0:38:48]} 23. Be3
{[%clk 0:12:01]} Qe7 {[%clk 0:38:16]} 24. Rb2 {[%clk 0:11:16]} Qa3
{[%clk 0:36:03]} 25. Kc2 {[%clk 0:10:55]} Qa4+ {[%clk 0:36:12]} 26. Kd2
{[%clk 0:10:48]} Nf8 {[%clk 0:32:20]} 27. Rdb1 {[%clk 0:08:34]} Rg6
{[%clk 0:31:21]} 28. Bc5 {[%clk 0:06:31]} Raf6 {[%clk 0:31:43]} 29. Kd3
{[%clk 0:03:08]} Rh6 {[%clk 0:27:27]} 30. Qg4 {[%clk 0:02:38]} Rhg6
{[%clk 0:21:01]} 31. Qh3 {[%clk 0:03:01]} Rh6 {[%clk 0:21:26]} 32. Qg4
{[%clk 0:03:27]} 1/2-1/2

[Event "Festival"]
[Site "?"]
[Date "2016.02.17"]
[Round "7.4"]
[White "Savina, Anastasia"]
[Black "Brunner, Nicolas"]
[Result "1/2-1/2"]
[LiveChessVersion "1.4.7"]
[BlackElo "2438"]
[WhiteElo "2401"]

1. d4 {[%clk 1:30:52]} d5 {[%clk 1:30:52]} 2. c4 {[%clk 1:31:12]} e6
{[%clk 1:31:18]} 3. Nc3 {[%clk 1:31:25]} c6 {[%clk 1:31:42]} 4. Nf3
{[%clk 1:29:53]} Nf6 {[%clk 1:31:46]} 5. e3 {[%clk 1:29:40]} Nbd7
{[%clk 1:32:10]} 6. Qc2 {[%clk 1:30:07]} Bd6 {[%clk 1:32:32]} 7. Bd3
{[%clk 1:30:31]} O-O {[%clk 1:32:55]} 8. O-O {[%clk 1:30:57]} dxc4
{[%clk 1:33:20]} 9. Bxc4 {[%clk 1:31:25]} a6 {[%clk 1:33:43]} 10. Rd1
{[%clk 1:25:12]} b5 {[%clk 1:33:54]} 11. Be2 {[%clk 1:25:34]} Qc7
{[%clk 1:33:58]} 12. Ne4 {[%clk 1:23:49]} Nxe4 {[%clk 1:33:53]} 13. Qxe4
{[%clk 1:24:15]} e5 {[%clk 1:33:37]} 14. Qd3 {[%clk 1:17:05]} exd4
{[%clk 1:28:09]} 15. Qxd4 {[%clk 1:14:42]} Be7 {[%clk 1:28:02]} 16. Qe4
{[%clk 1:14:07]} Re8 {[%clk 1:24:20]} 17. Nd4 {[%clk 1:01:34]} Bb7
{[%clk 1:23:44]} 18. Ne6 {[%clk 0:40:32]} Qc8 {[%clk 1:18:52]} 19. Qg4
{[%clk 0:32:08]} g6 {[%clk 1:16:44]} 20. Nc7 {[%clk 0:26:19]} Qxc7
{[%clk 1:15:52]} 21. Rxd7 {[%clk 0:25:58]} Qb6 {[%clk 1:13:47]} 22. Qe4
{[%clk 0:24:28]} Bd6 {[%clk 0:59:14]} 23. Qf3 {[%clk 0:18:25]} Be7
{[%clk 0:59:36]} 24. Qe4 {[%clk 0:04:42]} Bd6 {[%clk 0:59:15]} 25. Qf3
{[%clk 0:05:09]} Be7 {[%clk 0:59:39]} 1/2-1/2